Statistics for Random Friends Trivia

Click here to take the quiz!

General Stats

  • This quiz has been taken 5,933 times
  • The average score is 11 of 22

Answer Stats

HintAnswer% Correct
What was it actually?Penis
79%
Why did Phoebe break up with Gary (The Cop)?Shot a Bird
78%
For Emma's First Birthday party what was the cake supposed to be?Bunny
74%
Where did Chandler "move" to avoid Janice?Yemen
73%
Who's butt did Joey play in a film?Al Pacino
66%
After a New Year's Resolution what did Ross where on a date?Leather Pants
65%
What does Tag give Rachel for her 30th birthday?Razor Scooter
64%
What Actor plays Monica's former fat high school friend on a Thanksgiving episode?Brad Pitt
62%
What was Monica's Lacrosse nickname?Big Fat Goalie
61%
Chandler moved to what city for his job?Tulsa, OK
60%
Which actor played Phoebe's Navy boyfriend?Charlie Sheen
52%
Who receives TV Guide?Ms Chanandler Bong
49%
What is Rachel's favorite movie?Weekend at Bernie's
46%
What extravagent gift did Ross purchase for Carol?Crystal Duck
40%
What did Ross once wash his father's car with?Rocks
37%
What is Ross' leftover Thanksgiving sandwich called?MoistMaker
36%
While dating Mona, what did Ross dress up as for Halloween?Spud-nick
36%
When Ross' couch was destroyed, he accepted store credit in what amount?$4
32%
What is Phoebe's Alter Ego?Regina Phalange
31%
What is the main feature of the Gellar Cup?Troll Doll
29%
Who plays Phoebes brother?Giovanni Ribissi
15%
When telling the "I Want to Hook-Up" Story, where are you hiking?Lake Tibidabo
2%

Score Distribution

Percentile by Number Answered

Percent of People with Each Score

Your Score History

You have not taken this quiz